| 000 | 00356nam a22001457a 4500 | ||
|---|---|---|---|
| 020 | _qPB. | ||
| 040 | _cFIZZA ISHAQ | ||
| 082 |
_a550 _bREY |
||
| 100 |
_aCARTER, REYNOLDS. _990558 |
||
| 245 |
_aEXPLORING GEOLOGY / _cREYNOLDS CARTER. |
||
| 250 | _a4th ED. | ||
| 260 |
_aNEW DEHLI ; _bMC GRAW HILL, _c2016. |
||
| 300 | _a591 P. ; | ||
| 942 |
_2ddc _cBK |
||
| 999 |
_c588724 _d588724 |
||